| 000 | 01374nam a2200325 c 4500 | ||
|---|---|---|---|
| 003 | BLK | ||
| 005 | 20230713005229.0 | ||
| 008 | 180413b bul|||||r ||||||| ||bul|| | ||
| 010 | _aKNG00018544000 | ||
| 040 | _aBLK | ||
| 041 |
_aBUL _cBUL |
||
| 080 |
_aИздания за деца и юноши. Книжки-картинки. Читанки. Вж и 372.4 _b087.5 _x _z087.5 |
||
| 100 | 1 |
_aУолъмбъри, Колин _eпърви автор _gНиколов, Любомир Славов _9133000 |
|
| 139 |
_aНиколов, Любомир Славов _bН 74 |
||
| 245 | 1 | 0 |
_aКаджанга - синът на светлината _bКн.-игра за юноши _c Любомир Славов Николов; Колин Уолъмбъри. |
| 257 | _aBGR | ||
| 260 |
_аСофия _bМега _c1997 |
||
| 300 |
_a144 с. _bс ил., табл. _c20 см |
||
| 380 | _a0 | ||
| 500 | _aКолин Уолъмбъри - псевд. на Любомир Славов Николов. - 1 000 тир. | ||
| 650 | 4 |
_aКниги-игри _9158798 |
|
| 653 | _aкниги-игри | ||
| 700 |
_aНиколов, Любомир Славов, 1950 - _9242031 |
||
| 852 | _aЦб 177892 | ||
| 856 | 4 |
_qpdf _u |
|
| 856 | 4 |
_qpdf _u |
|
| 942 |
_cKNG _n0 _01 |
||
| 944 |
_aCR _c15.01.2003 _lCRON CRON _k |
||
| 944 |
_aED _c03.02.2011 _lф / _k |
||
| 999 |
_c16659 _d16659 |
||